000 00709nam a22002537a 4500
003 CHAP
005 20220817042409.0
008 971013s1977 r 00010 d
010 _a43420
011 _a44392
035 _a48530
040 _cCHAP
082 _a331
_bM4
110 _aMéxico. Secretaría del Trabajo y Previsión Social
_977232
245 _aPolítica laboral
260 _a(s.l.) :
_bLa Secretaría,
_c1977
300 _a37 p
590 _aBATCH-UPD
_b10
_c20130110
_lUCH01
_h1938
590 _aCONVERSION
_b10
_c20130109
_lUCH01
_h1324
650 1 4 _aTrabajo y trabajadores.
901 _aBK
942 _cLIBRO
949 _a331 M4
_bBC
_cLIBRO
_d33724000331641
_eLIBRO
_h12842
_i48530
_mD
_si
999 _c43420
_d43420